|
|
|
|
| LEADER |
00810cam a2200265 7i4500 |
| 001 |
0000028203 |
| 005 |
20130121090000.0 |
| 020 |
0 |
0 |
|a 9781475130218
|
| 090 |
0 |
0 |
|a I 338.7
|b XIN
|
| 100 |
1 |
0 |
|a Xinhua
|
| 245 |
0 |
0 |
|a BRICS\ba guide to doing business in Brazil, Russia, India, China and South Africa.
|
| 260 |
0 |
0 |
|a Beijing:
|b Intercultural Publishing,
|c 2012.
|
| 300 |
# |
# |
|a 277 p.
|
| 650 |
0 |
0 |
|a Doing Business --
|z South Africa
|
| 650 |
0 |
0 |
|a Doing Business --
|z Russia
|
| 650 |
0 |
0 |
|a Doing Business --
|z India
|
| 650 |
0 |
0 |
|a Doing Business --
|z Brazil
|
| 650 |
0 |
0 |
|a BRICS --
|x Doing Business
|
| 650 |
0 |
0 |
|a Doing Business --
|z China
|
| 651 |
0 |
0 |
|a Russia
|
| 651 |
0 |
0 |
|a Brazil
|
| 651 |
0 |
0 |
|a South Africa
|
| 651 |
0 |
0 |
|a China
|
| 651 |
0 |
0 |
|a India
|
| 999 |
|
|
|a B000031950
|b Book
|c Countries
|e Business Information Centre
|